=LDR 00000nam 2200000 4500 =001 INLIS000000000057233 =005 20201214075632 =035 ##$$a 0010-1220000134 =007 ta =008 201214###########################0#ind## =020 ##$$a 978-602-18854-6-8 =245 1#$$a Pengembangan program pembelajaran matematika /$c Irzani Alkusaeri =300 ##$$a 158 halaman : $b Ilustrasi ; $c 21 cm =650 #4$$a Metode pembelajaran =504 ##$$a Bibliografi : 155 -157 =264 ##$$a Jawa tengah :$b Mandiri press,$c 2013 =336 ##$$a teks$2 rdacontent =337 ##$$a lain-lain$2 rdamedia =338 ##$$a lain-lain$2 rdacarrier =082 ##$$a 510.7 =084 ##$$a 510.7-Irz p =990 ##$$a 3202003684 =990 ##$$a 05850585